[Event "Helmut-Kohls-Turnier 2011"]
[Site "Dortmund GER"]
[Date "2011.07.28"]
[Round "6"]
[White "Saltaev, Mihail"]
[Black "Lauber, Arnd"]
[Result "1-0"]
[WhiteTitle "GM"]
[BlackTitle "IM"]
[WhiteElo "2473"]
[BlackElo "2478"]
[WhiteFideId "14200058"]
[BlackFideId "4632630"]
[EventDate "2011.07.21"]

1. e4 c6 2. d4 d5 3. Nd2 dxe4 4. Nxe4 Bf5 5. Ng3 Bg6 6. N1e2 e6 7. Nf4 Bd6 8. c3
Bxf4 9. Bxf4 Nf6 10. Qb3 Qe7 11. Be2 O-O 12. O-O Nd5 13. Bd2 Qc7 14. c4 Nf6 15.
Bf3 Nbd7 16. Bc3 Rfe8 17. Rfe1 Rac8 18. Qa3 b5 19. Rac1 bxc4 20. Ba5 Nb6 21.
Bxb6 Qxb6 22. Rxc4 Nd5 23. h4 h6 24. Rec1 Red8 25. Ra4 Rc7 26. Rcc4 Rdd7 27. h5
Bb1 28. Rab4 1-0

[Event "Helmut-Kohls-Turnier 2011"]
[Site "Dortmund GER"]
[Date "2011.07.28"]
[Round "6"]
[White "Kotainy, Jens"]
[Black "Nalbandian, Tigran"]
[Result "1/2-1/2"]
[WhiteTitle "FM"]
[BlackTitle "GM"]
[WhiteElo "2433"]
[BlackElo "2456"]
[WhiteFideId "24670499"]
[BlackFideId "13300245"]
[EventDate "2011.07.21"]

1. e4 e6 2. d4 d5 3. Nc3 dxe4 4. Nxe4 Nd7 5. Nf3 Ngf6 6. Bd3 c5 7. Qe2 cxd4 8.
Bd2 Nxe4 9. Qxe4 Nc5 10. Bb5+ Bd7 11. Bxd7+ Qxd7 12. Qxd4 Qxd4 13. Nxd4 O-O-O
14. Be3 e5 15. Nb5 a6 16. Nc3 Be7 17. Ke2 Kc7 18. Rhd1 Kc6 19. Bxc5 Bxc5 20. Ne4
Be7 21. g4 Rxd1 22. Rxd1 Rd8 23. Rxd8 Bxd8 24. c4 Be7 25. Kd3 f6 26. a3 g6 27.
f3 Kd7 28. b4 f5 29. gxf5 gxf5 30. Nc3 Bg5 31. c5 Bc1 32. a4 Ke6 33. Kc4 Bd2 34.
Nd5 Bg5 35. b5 axb5+ 36. axb5 e4 37. fxe4 fxe4 38. c6 bxc6 39. bxc6 Bd2 40. c7
Kd7 41. Kb5 e3 42. Kb6 Ba5+ 43. Kxa5 e2 44. Kb6 e1=Q 45. Kb7 Kd6 46. c8=Q Kxd5
47. Qd7+ Kc5 48. Qc7+ Kd5 49. Qd7+ 1/2-1/2

[Event "Helmut-Kohls-Turnier 2011"]
[Site "Dortmund GER"]
[Date "2011.07.29"]
[Round "7"]
[White "Van Kampen, Robin"]
[Black "Kraemer, Martin"]
[Result "1-0"]
[WhiteTitle "IM"]
[BlackTitle "IM"]
[WhiteElo "2519"]
[BlackElo "2506"]
[WhiteFideId "1020854"]
[BlackFideId "4671910"]
[EventDate "2011.07.21"]

1. e4 e5 2. Nf3 Nc6 3. Bb5 a6 4. Ba4 Nf6 5. O-O Be7 6. Re1 b5 7. Bb3 d6 8. c3
O-O 9. h3 Nb8 10. d4 Nbd7 11. Nbd2 Bb7 12. Bc2 Re8 13. Nf1 Bf8 14. Ng3 g6 15. b3
c6 16. Bg5 Bg7 17. Qd2 Nf8 18. Bh6 Qe7 19. Bxg7 Kxg7 20. Nh4 Kh8 21. Nhf5 Qc7
22. Ne3 Ne6 23. a4 Red8 24. Red1 Rac8 25. Ne2 Kg8 26. Bd3 Ng5 27. Ng3 Ne6 28.
Qb2 Nf4 29. Bf1 h5 30. Qc2 Qe7 31. axb5 cxb5 32. d5 h4 33. Ne2 N6h5 34. Qd2 Qg5
35. Nxf4 Nxf4 36. Kh2 Rc7 37. c4 f5 38. cxb5 axb5 39. Bxb5 fxe4 40. Bc4 Bc8 41.
Ra8 Rf8 42. Qe1 Rcf7 43. Rd2 Kg7 44. Bf1 Bd7 45. Rxf8 Rxf8 46. Qb1 Bf5 47. Qc2
Rc8 48. Qd1 Rc3 49. Qa1 Rxb3 50. Qa7+ Kh6 51. Qf7 Nd3 52. Qf8+ Kh5 53. Be2+ 1-0

[Event "Helmut-Kohls-Turnier 2011"]
[Site "Dortmund GER"]
[Date "2011.07.29"]
[Round "7"]
[White "Kotainy, Jens"]
[Black "Saltaev, Mihail"]
[Result "0-1"]
[WhiteTitle "FM"]
[BlackTitle "GM"]
[WhiteElo "2433"]
[BlackElo "2473"]
[WhiteFideId "24670499"]
[BlackFideId "14200058"]
[EventDate "2011.07.21"]

1. e4 c6 2. c4 d5 3. cxd5 cxd5 4. exd5 Nf6 5. Nc3 Nxd5 6. Bc4 Nb6 7. Bb3 Nc6 8.
Nf3 Bf5 9. d4 e6 10. O-O Be7 11. Be3 O-O 12. Qe2 Na5 13. Bd1 Nac4 14. Rc1 Rc8
15. h3 h6 16. a3 Nd5 17. Nxd5 exd5 18. Bb3 b5 19. Ne5 Bd6 20. Bf4 f6 21. Nxc4
bxc4 22. Bxd6 Qxd6 23. Bc2 Rfe8 24. Qd2 Bxc2 25. Rxc2 Qb6 26. Re1 Kf7 27. Rcc1
Rb8 28. Rxe8 Rxe8 29. f3 Re7 30. Kf2 Rb7 31. Rc2 Qc7 32. Rc3 Qb8 33. Rc2 Rb5 34.
Qe2 Rb3 35. Rd2 a5 36. g3 Qc8 37. Kg2 Qe6 38. Qf2 Qe3 39. Qxe3 Rxe3 40. Kf2 Rb3
41. h4 f5 42. Kg2 g6 43. Kf2 h5 44. Kg2 Ke6 45. Kf2 Kd6 46. Kg2 Kc6 47. Kf2 Kb5
48. Rc2 a4 49. Rd2 c3 50. bxc3 Rxa3 51. Rb2+ Rb3 52. Re2 a3 53. Re7 Rxc3 0-1

[Event "Helmut-Kohls-Turnier 2011"]
[Site "Dortmund GER"]
[Date "2011.07.29"]
[Round "7"]
[White "Nalbandian, Tigran"]
[Black "Schmittdiel, Eckhard"]
[Result "1-0"]
[WhiteTitle "GM"]
[BlackTitle "GM"]
[WhiteElo "2456"]
[BlackElo "2484"]
[WhiteFideId "13300245"]
[BlackFideId "4600096"]
[EventDate "2011.07.21"]

1. Nf3 c5 2. g3 b5 3. Bg2 Bb7 4. d3 d5 5. e4 dxe4 6. Ng5 Qb6 7. Nc3 Nf6 8. dxe4
h6 9. Nf3 Nbd7 10. O-O Rd8 11. Re1 Ne5 12. Qe2 Nxf3+ 13. Bxf3 b4 14. Nd5 Nxd5
15. exd5 Bxd5 16. Bxd5 Rxd5 17. a3 b3 18. Qf3 Qb7 19. c4 Rd7 20. Qc3 e6 21. Bf4
Rg8 22. Rad1 Rxd1 23. Rxd1 f6 24. Qd3 Be7 25. Qg6+ Kf8 26. Rd3 a5 27. a4 Qb4 28.
Rd7 Qe1+ 29. Kg2 f5 30. Rc7 Qe4+ 31. Kh3 Qd3 32. Kg2 Qe4+ 33. Kh3 Qd3 34. Rc8+
Bd8 35. Rxd8+ Qxd8 36. Qxe6 g5 37. Bd6+ Kg7 38. Be5+ Kf8 39. Qxf5+ Ke8 40. Qe6+
Kf8 41. Kg2 Qa8+ 42. Kg1 Qd8 43. g4 h5 44. Qh6+ Kf7 45. Qh7+ Kf8 46. Qxh5 Qd7
47. Qh6+ Ke8 48. h3 Qe7 49. Qc6+ Kf7 50. Qd5+ Qe6 51. Qxc5 Rc8 52. Qa7+ Ke8 53.
Qxa5 Rxc4 54. Bc3 Qc6 55. Qe5+ Kd7 56. Qf5+ Ke8 57. Bd2 Rc1+ 58. Bxc1 Qxc1+ 59.
Kg2 Qxb2 60. Qe6+ Kd8 61. a5 Qa3 62. Qb6+ Ke7 63. a6 b2 64. Qb7+ Kf6 65. a7 Qxa7
66. Qxa7 b1=Q 67. Qd4+ Ke6 68. Qc4+ Kd6 69. Qe2 Qb7+ 70. Qf3 Qg7 71. Qe4 Kc5 72.
h4 gxh4 73. Kh3 1-0

[Event "Helmut-Kohls-Turnier 2011"]
[Site "Dortmund GER"]
[Date "2011.07.29"]
[Round "7"]
[White "Michalczak, Thomas"]
[Black "Lauber, Arnd"]
[Result "1-0"]
[WhiteTitle "FM"]
[BlackTitle "IM"]
[WhiteElo "2325"]
[BlackElo "2478"]
[WhiteFideId "4622634"]
[BlackFideId "4632630"]
[EventDate "2011.07.21"]

1. e4 c6 2. d4 d5 3. Nc3 dxe4 4. Nxe4 Bf5 5. Ng3 Bg6 6. h4 h6 7. Nh3 Nf6 8. Nf4
Bh7 9. Bc4 e6 10. O-O Bd6 11. Re1 O-O 12. c3 Re8 13. Nfh5 Nxh5 14. Nxh5 Qxh4 15.
g3 Qd8 16. Bxh6 gxh6 17. Qg4+ Bg6 18. Bxe6 Kf8 19. Bxf7 Kxf7 20. Rxe8 Qxe8 21.
Qf3+ Ke7 22. Re1+ Kd8 23. Rxe8+ Bxe8 24. Qf6+ Kc7 25. Ng7 Nd7 26. Qe6 1-0

[Event "Helmut-Kohls-Turnier 2011"]
[Site "Dortmund GER"]
[Date "2011.07.30"]
[Round "8"]
[White "Saltaev, Mihail"]
[Black "Michalczak, Thomas"]
[Result "1/2-1/2"]
[WhiteTitle "GM"]
[BlackTitle "FM"]
[WhiteElo "2473"]
[BlackElo "2325"]
[WhiteFideId "14200058"]
[BlackFideId "4622634"]
[EventDate "2011.07.21"]

1. e4 e5 2. Nf3 Nc6 3. Bb5 a6 4. Ba4 Nf6 5. d3 d6 6. O-O b5 7. Bb3 Be7 8. a4 Bd7
9. Bd2 b4 10. a5 O-O 11. c3 Rb8 12. Bc4 Qc8 13. Re1 Be6 14. Qa4 Bxc4 15. dxc4
Qb7 16. b3 bxc3 17. Nxc3 Nb4 18. Reb1 Nc2 19. Ra2 Nb4 20. Raa1 Nc2 21. Ra2 1/2-1/2

[Event "Helmut-Kohls-Turnier 2011"]
[Site "Dortmund GER"]
[Date "2011.07.30"]
[Round "8"]
[White "Lauber, Arnd"]
[Black "Savchenko, Viacheslav"]
[Result "1/2-1/2"]
[WhiteTitle "IM"]
[BlackTitle "IM"]
[WhiteElo "2478"]
[BlackElo "2437"]
[WhiteFideId "4632630"]
[BlackFideId "14106485"]
[EventDate "2011.07.21"]

1. d4 Nf6 2. c4 e6 3. Nf3 c5 4. e3 d5 5. cxd5 exd5 6. Be2 Nc6 7. O-O a6 8. b3
cxd4 9. Nxd4 Bd6 10. Bb2 O-O 11. Nd2 Re8 12. Rc1 Bd7 13. N2f3 Ne4 14. a3 Qf6 15.
Rc2 Qh6 16. Qc1 Bg4 17. g3 Ne7 18. b4 Bd7 19. b5 a5 20. a4 Rac8 21. Rxc8 Rxc8
22. Qa1 b6 23. Rc1 Nc5 24. Qa2 Re8 25. Nd2 Qg6 26. Ba3 h5 27. N2b3 h4 28. Bf1
hxg3 29. hxg3 Bxg3 30. fxg3 Qxg3+ 31. Qg2 Qxe3+ 32. Qf2 Qg5+ 33. Qg2 Qe3+ 34.
Qf2 Qg5+ 35. Qg2 1/2-1/2

[Event "Helmut-Kohls-Turnier 2011"]
[Site "Dortmund GER"]
[Date "2011.07.30"]
[Round "8"]
[White "Kraemer, Martin"]
[Black "Nalbandian, Tigran"]
[Result "1-0"]
[WhiteTitle "IM"]
[BlackTitle "GM"]
[WhiteElo "2506"]
[BlackElo "2456"]
[WhiteFideId "4671910"]
[BlackFideId "13300245"]
[EventDate "2011.07.21"]

1. d4 Nf6 2. c4 g6 3. g3 Bg7 4. Bg2 O-O 5. Nc3 d6 6. Nf3 c6 7. O-O Bf5 8. Re1
Ne4 9. Qb3 Qc7 10. g4 Nxc3 11. gxf5 Ne4 12. Nh4 Nf6 13. e4 Qb6 14. f4 Nfd7 15.
Nf3 c5 16. fxg6 hxg6 17. d5 Qxb3 18. axb3 Na6 19. Bh3 Rfd8 20. e5 Nb4 21. Re2
Nf8 22. Bd2 Nc2 23. Rd1 Nd4 24. Nxd4 cxd4 25. Be1 g5 26. exd6 exd6 27. fxg5 Re8
28. Rxe8 Rxe8 29. Bg3 Re3 30. b4 b6 31. Kg2 Ng6 32. Bf5 Be5 33. Bxg6 fxg6 34.
Bxe5 Rxe5 35. Rxd4 Re2+ 36. Kg3 Rxb2 37. b5 Rb3+ 38. Kg4 Rc3 39. h4 Rc1 40. Re4
Kf7 41. Rf4+ Kg7 42. Kf3 Rc3+ 43. Ke2 Rh3 44. Kd2 Rh1 45. Kc3 Rc1+ 46. Kb3 Rb1+
47. Kc2 Rh1 48. Rf6 Rxh4 49. Kc3 Rh3+ 50. Kb4 Rh1 51. Rxd6 Ra1 52. Rf6 Rg1 53.
Rc6 Ra1 54. Kc3 Kf7 55. Rc7+ Kf8 56. Kd4 a6 57. bxa6 Rxa6 58. Rc6 Kf7 59. Rf6+
Kg7 60. Ke5 Ra4 61. d6 Ra5+ 62. Ke6 1-0

[Event "Helmut-Kohls-Turnier 2011"]
[Site "Dortmund GER"]
[Date "2011.07.30"]
[Round "8"]
[White "Schmittdiel, Eckhard"]
[Black "Kotainy, Jens"]
[Result "1/2-1/2"]
[WhiteTitle "GM"]
[BlackTitle "FM"]
[WhiteElo "2484"]
[BlackElo "2433"]
[WhiteFideId "4600096"]
[BlackFideId "24670499"]
[EventDate "2011.07.21"]

1. c4 c5 2. Nc3 Nc6 3. g3 g6 4. Bg2 Bg7 5. e3 e5 6. Nge2 Nge7 7. O-O O-O 8. a3
a5 9. Rb1 d6 10. h3 Rb8 11. b3 Be6 12. Nd5 b5 13. d3 Qd7 14. Kh2 e4 15. Nef4
bxc4 16. dxc4 f5 17. Nxe6 Qxe6 18. f3 exf3 19. Bxf3 Ne5 20. Nxe7+ Qxe7 21. Bd5+
Kh8 22. Bd2 Nd7 23. Bxa5 Qxe3 24. Qf3 Qe7 25. Rbe1 Ne5 26. Qe3 Qa7 27. b4 Qa6
28. Kg2 Rbc8 29. Rc1 Nc6 30. b5 Qxa5 31. Bxc6 Bd4 32. Qd3 Rf7 33. Rce1 Rcf8 34.
Re6 Be5 35. Bd5 Ra7 36. Rf3 Qe1 37. h4 Qa1 38. Qb3 Bd4 39. Rf1 Qxa3 40. Qxa3
Rxa3 41. Rb1 f4 42. b6 f3+ 43. Kf1 Ra2 44. Rb3 Rh2 45. Rxf3 Rxf3+ 46. Bxf3 Rf2+
47. Ke1 Rxf3 48. Re8+ Kg7 49. b7 Bf2+ 50. Ke2 Rb3 51. b8=Q Rxb8 52. Rxb8 Bxg3
53. h5 gxh5 54. Kf3 h4 55. Rb7+ Kg6 56. Re7 h5 57. Re2 Be5 58. Kg2 Kf5 59. Kh3
Bg3 60. Rd2 Ke4 61. Rd5 Ke3 62. Kg2 Be5 63. Kh3 Bd4 64. Rxd6 Kd3 65. Kxh4 Kxc4
66. Kxh5 Kd3 67. Rc6 c4 68. Rxc4 Kxc4 1/2-1/2

[Event "Helmut-Kohls-Turnier 2011"]
[Site "Dortmund GER"]
[Date "2011.07.31"]
[Round "9"]
[White "Schmittdiel, Eckhard"]
[Black "Saltaev, Mihail"]
[Result "1/2-1/2"]
[WhiteTitle "GM"]
[BlackTitle "GM"]
[WhiteElo "2484"]
[BlackElo "2473"]
[WhiteFideId "4600096"]
[BlackFideId "14200058"]
[EventDate "2011.07.21"]

1. e4 c6 2. c4 d5 3. cxd5 cxd5 4. exd5 Nf6 5. Nc3 Nxd5 6. Bc4 Nb6 7. Bb3 Nc6 8.
Nf3 Bf5 9. d4 e6 10. O-O Be7 11. Be3 O-O 12. a3 Na5 13. Ba2 Nac4 14. Qe2 Rc8 15.
Rfd1 Nxe3 16. fxe3 Bg4 17. Ne4 Nd5 18. Nf2 Bh5 19. Nh3 Bd6 20. e4 Nf4 21. Nxf4
Bxf4 22. g3 Bh6 23. Rd3 Qb6 24. Qf2 Bc1 25. Rb1 Bg6 26. Qe2 Bh5 27. Qf2 Bg6 28.
Qe2 Bh5 29. Qf2 1/2-1/2

[Event "Helmut-Kohls-Turnier 2011"]
[Site "Dortmund GER"]
[Date "2011.07.31"]
[Round "9"]
[White "Savchenko, Viacheslav"]
[Black "Michalczak, Thomas"]
[Result "1-0"]
[WhiteTitle "IM"]
[BlackTitle "FM"]
[WhiteElo "2437"]
[BlackElo "2325"]
[WhiteFideId "14106485"]
[BlackFideId "4622634"]
[EventDate "2011.07.21"]

1. e4 e5 2. Nf3 Nc6 3. Bb5 a6 4. Ba4 Nf6 5. d4 exd4 6. O-O Be7 7. e5 Ne4 8. Nxd4
Nc5 9. Nf5 O-O 10. Qg4 g6 11. Bxc6 dxc6 12. Nxe7+ Qxe7 13. Qg3 Bf5 14. Nc3 Bxc2
15. Bg5 Qe6 16. Rfe1 Rfe8 17. Re3 Qc4 18. Bf6 Ne6 19. Qh3 Bf5 20. Qf3 Bg4 21.
Qg3 Bf5 22. f3 a5 23. Qf2 h5 24. h3 a4 25. g4 Nf4 26. Qh4 Bd3 27. Rd1 a3 28.
gxh5 axb2 29. Rexd3 b1=Q 30. Nxb1 Qc5+ 31. Rd4 Ne2+ 32. Kh1 Nxd4 33. hxg6 fxg6
34. Qh6 Kf7 35. Qg7+ Ke6 36. Bh4 Rf8 37. Qxg6+ 1-0

[Event "Helmut-Kohls-Turnier 2011"]
[Site "Dortmund GER"]
[Date "2011.07.31"]
[Round "9"]
[White "Van Kampen, Robin"]
[Black "Lauber, Arnd"]
[Result "1/2-1/2"]
[WhiteTitle "IM"]
[BlackTitle "IM"]
[WhiteElo "2519"]
[BlackElo "2478"]
[WhiteFideId "1020854"]
[BlackFideId "4632630"]
[EventDate "2011.07.21"]

1. e4 c6 2. d4 d5 3. e5 Bf5 4. Nd2 e6 5. Nb3 Nd7 6. Nf3 h6 7. Be2 Ne7 8. O-O g5
9. Ne1 c5 10. Nxc5 Nxc5 11. dxc5 Nc6 12. Bd3 Be4 13. Qe2 Bxc5 14. Bxe4 dxe4 15.
Qxe4 Qd4 16. Qxd4 Bxd4 17. Nf3 Rd8 18. h3 Bxe5 19. Nxe5 Nxe5 20. Be3 b6 21. Rfd1
Rxd1+ 22. Rxd1 Ke7 23. b3 Rc8 24. c4 f5 25. g3 Nf7 26. a4 e5 27. a5 f4 28. Bd2
Rd8 29. axb6 axb6 30. Bb4+ 1/2-1/2

[Event "Helmut-Kohls-Turnier 2011"]
[Site "Dortmund GER"]
[Date "2011.07.31"]
[Round "9"]
[White "Nalbandian, Tigran"]
[Black "Bluebaum, Matthias"]
[Result "0-1"]
[WhiteTitle "GM"]
[BlackTitle "FM"]
[WhiteElo "2456"]
[BlackElo "2329"]
[WhiteFideId "13300245"]
[BlackFideId "24651516"]
[EventDate "2011.07.21"]

1. d4 d5 2. Nf3 Nf6 3. c4 c6 4. Qc2 dxc4 5. Qxc4 Bf5 6. g3 e6 7. Bg2 Nbd7 8. O-O
Be7 9. Nc3 O-O 10. e3 Ne4 11. Qe2 Nxc3 12. bxc3 Be4 13. Rd1 Qc7 14. Bh3 c5 15.
Nd2 Bc2 16. Re1 cxd4 17. cxd4 Rac8 18. Nb3 b6 19. Bb2 Be4 20. Rec1 Qb8 21. f3
Bb7 22. e4 Rxc1+ 23. Rxc1 Rc8 24. Bf1 Rxc1 25. Bxc1 e5 26. Bh3 Nf6 27. Kg2 exd4
28. Nxd4 Qc7 29. Bb2 Bc5 30. e5 Nd5 31. e6 f6 32. Nf5 Ne7 33. Nxe7+ Bxe7 34. Bf5
Qd6 35. Qc2 h6 36. h4 Qc5 37. Qxc5 Bxc5 38. g4 Kf8 39. g5 hxg5 40. hxg5 Ke7 41.
Kg3 Bd5 42. a3 Bxe6 43. Kg4 Bd6 44. f4 fxg5 45. Kxg5 Bxf5 46. Kxf5 Kf7 47. Ke4
b5 48. Kd5 Bxf4 49. Bd4 Bc1 50. Kc6 a6 51. Bc5 Ke6 52. Kb6 Kd5 53. Bf8 Bb2 54.
Kxa6 Kc4 55. Be7 Bf6 56. Bd6 g5 57. Kb6 g4 58. Kc6 Bb2 59. Kb6 Bxa3 60. Bxa3 b4
61. Bc1 g3 0-1